[Event "GER-ch U12"]
[Site "Willingen"]
[Date "2018.05.23"]
[Round "7"]
[White "Sieber, Bert"]
[Black "Schwartz, Oliver"]
[Result "1/2-1/2"]
[WhiteElo "1453"]
[BlackElo "1512"]
[PlyCount "80"]
[EventDate "2018.05.19"]
[EventType "swiss"]
[EventRounds "11"]
[EventCountry "GER"]
[SourceTitle "CBM 184 Extra"]
[Source "ChessBase"]
[SourceDate "2018.06.28"]
[SourceVersion "1"]
[SourceVersionDate "2018.06.28"]
[SourceQuality "1"]

1. d4 Nf6 2. c4 c5 3. d5 b5 4. b3 b4 5. Nd2 g6 6. Bb2 Bg7 7. e4 d6 8. f4 0-0 9. Rb1 Nbd7 10. Bd3 Nb6 11. Ngf3 a5 12. a4 bxa3 13. Bxa3 Rb8 14. 0-0 Na8 15. Qe2 Nc7 16. h3 Na6 17. Kh2 Nb4 18. Bxb4 Rxb4 19. f5 Bd7 20. Bc2 Qc7 21. Rbe1 a4 22. e5 dxe5 23. Nxe5 axb3 24. Bxb3 Ba4 25. Bxa4 Rxa4 26. Kg1 Nh5 27. Nc6 Ng3 28. Qxe7 Bd4+ 29. Nxd4 Qxe7 30. Rxe7 Nxf1 31. Kxf1 cxd4 32. f6 Rd8 33. Re4 d3 34. g4 Kf8 35. Rd4 Ke8 36. Rxd3 Kd7 37. Kf2 Kd6 38. Kf3 Ke5 39. g5 Kf5 40. h4 Rb4 1/2-1/2